| 000 | 00761am a2200289a 44500 | ||
|---|---|---|---|
| 003 | AR-BaBNM | ||
| 005 | 20251128205459.0 | ||
| 008 | 047119s1996 #AR|||||||||||000 | spa|| | ||
| 020 | _a950-20-0954-1 | ||
| 040 | _cAR-BaBNM | ||
| 100 | 1 | _aAguinis, Ana María de | |
| 245 | 1 | 0 | _aControl de sociedades |
| 260 |
_aBuenos Aires _bAbeledo-Perrot _c1996 |
||
| 300 | _a182 p. | ||
| 500 | _aApéndice p. 135-168 | ||
| 504 | _aBibliografía p. 169-178 | ||
| 610 | 2 | 4 | _aMERCOSUR |
| 650 | 4 | _aDERECHO ECONOMICO | |
| 650 | 4 | _aDERECHO ADMINISTRATIVO | |
| 650 | 4 | _aDERECHOS SOCIALES Y ECONOMICOS | |
| 650 | 4 | _aECONOMIA | |
| 650 | 4 | _aFORMACION DE EMPRESAS | |
| 650 | 4 | _aDERECHO COMERCIAL | |
| 651 | 4 | _aCOMUNIDAD EUROPEA | |
| 942 | _cBK | ||
| 998 | _cmariana | ||
| 999 |
_c11566 _d11566 |
||